000 00258 a2200109 4500
001 90256
082 _a923.15487 SHA
090 _c42575
_d42575
100 _aSafdar Shaheen
245 _aNoor ud din zangi
260 _aKarachi
_bChildren Books Pub
_c2006
942 _aNUST-CAE
_k923.15487 SHA
999 _c325329
_d325329